[Event "24. Copenhagen Open  (Politiken Cup)"]
[Site "Copenhagen"]
[Date "2002.07.26"]
[Round "11"]
[White "Skovgaard, Tom"]
[Black "Jenal, Juerg"]
[Result "1/2-1/2"]
[WhiteElo "2074"]
[BlackElo "2194"]
[PlyCount "106"]
[EventDate "2002.07.15"]
[EventType "swiss"]
[EventRounds "11"]
[EventCountry "DEN"]
[SourceDate "2004.01.01"]

1. e4 c5 2. Nf3 Nc6 3. d4 cxd4 4. Nxd4 g6 5. Nc3 Bg7 6. Be3 Nf6 7. Bc4 O-O 8.
Bb3 d6 9. h3 Bd7 10. O-O a6 11. f4 Qc7 12. Qf3 b5 13. a3 Na5 14. Nd5 Nxd5 15.
Bxd5 Rac8 16. f5 Bf6 17. fxg6 hxg6 18. Qg3 Kg7 19. Rxf6 exf6 20. Rf1 Qd8 21.
Nf5+ Bxf5 22. Rxf5 Nc4 23. Bxc4 Rxc4 24. c3 Qe7 25. Bd4 Rxd4 26. cxd4 Qxe4 27.
Rf4 Qb1+ 28. Rf1 Qxb2 29. Qxd6 Kg8 30. Qxf6 Qxa3 31. Rf4 Qe3+ 32. Kh2 Qe6 33.
Qg5 Qd6 34. h4 Re8 35. Qg4 Re4 36. g3 Rxf4 37. gxf4 a5 38. h5 Kg7 39. Qg5 f5
40. hxg6 Qxg6 41. d5 Qxg5 42. fxg5 a4 43. d6 a3 44. d7 a2 45. d8=Q a1=Q 46.
Qd7+ Kg6 47. Qxb5 Kxg5 48. Qd5 Qb2+ 49. Kg3 Qc3+ 50. Kg2 Kg4 51. Qd1+ Kf4 52.
Qd6+ Qe5 53. Qxe5+ Kxe5 1/2-1/2

[Event "24. Copenhagen Open  (Politiken Cup)"]
[Site "Copenhagen"]
[Date "2002.07.26"]
[Round "11"]
[White "Spanton, Timothy"]
[Black "Soraas, Torben"]
[Result "1/2-1/2"]
[WhiteElo "2008"]
[BlackElo "1776"]
[PlyCount "120"]
[EventDate "2002.07.15"]
[EventType "swiss"]
[EventRounds "11"]
[EventCountry "DEN"]
[SourceDate "2004.01.01"]

1. e4 e6 2. Nc3 d5 3. d4 Bb4 4. Bd3 Nc6 5. Nf3 Nf6 6. e5 Ne4 7. Bd2 Bxc3 8.
Bxc3 Nxc3 9. bxc3 b6 10. O-O Bb7 11. Qe2 Qd7 12. Ng5 g6 13. a4 h6 14. Nf3 Na5
15. Nd2 c5 16. dxc5 bxc5 17. c4 Rc8 18. Rfd1 O-O 19. Ra3 Rfd8 20. cxd5 exd5 21.
e6 Qxe6 22. Qxe6 fxe6 23. Bxg6 Rc7 24. Rg3 Rg7 25. Ne4 Rc8 26. Nd6 Rd8 27. Bf7+
Kf8 28. Nxb7 Nxb7 29. Rxg7 Kxg7 30. Bxe6 d4 31. Rb1 Nd6 32. Kf1 Kf6 33. Ba2 Ne4
34. Rb7 Nc3 35. Bc4 Nxa4 36. Rxa7 Nc3 37. g3 Ne4 38. Ra6+ Kg7 39. Bd3 Nd6 40.
f4 Kf7 41. Ra7+ Ke6 42. Rh7 Kd5 43. Rxh6 c4 44. Rh5+ Kc6 45. Bg6 Nb5 46. Ke1
Rb8 47. Be4+ Kd6 48. Rd5+ Ke6 49. g4 Kf6 50. g5+ Kg7 51. h4 Nc3 52. Rxd4 Re8
53. Rxc4 Nxe4 54. Kd1 Kg6 55. Rc6+ Kf5 56. g6 Nf6 57. g7 Rg8 58. Rc7 Kxf4 59.
Ke2 Nh5 60. Rc5 Kg4 1/2-1/2

[Event "24. Copenhagen Open  (Politiken Cup)"]
[Site "Copenhagen"]
[Date "2002.07.26"]
[Round "11"]
[White "Tandrup, Michael"]
[Black "Volokitin, Alexander"]
[Result "1-0"]
[WhiteElo "1874"]
[BlackElo "1600"]
[PlyCount "79"]
[EventDate "2002.07.15"]
[EventType "swiss"]
[EventRounds "11"]
[EventCountry "DEN"]
[SourceDate "2004.01.01"]

1. e4 c5 2. Nf3 e6 3. d4 cxd4 4. Nxd4 a6 5. Bd3 Qc7 6. O-O Nc6 7. Nxc6 Qxc6 8.
Nd2 d6 9. Nf3 b5 10. Re1 e5 11. Bg5 Ne7 12. h3 Ng6 13. c3 h6 14. Be3 Be7 15. a4
Bd7 16. axb5 axb5 17. Bxb5 Qxe4 18. Rxa8+ Qxa8 19. Bxd7+ Kxd7 20. Bc5 f6 21.
Ba3 Rc8 22. Qd3 Nf4 23. Qf5+ Ke8 24. Kh2 Rc4 25. Qc2 Qc6 26. Qd1 Ng6 27. Nd2
Ra4 28. Qh5 Kf7 29. Re3 Rh4 30. Qd1 f5 31. g3 Ra4 32. Qh5 Kf6 33. Qd1 Ra8 34.
Nf1 Nf8 35. Rd3 Ra6 36. Ne3 g6 37. Nd5+ Kf7 38. Nb4 Qb6 39. Nxa6 Qxf2+ 40. Kh1
{Time} 1-0

[Event "24. Copenhagen Open  (Politiken Cup)"]
[Site "Copenhagen"]
[Date "2002.07.26"]
[Round "11"]
[White "Thestrup, Sixten"]
[Black "Hesselberg, Leif"]
[Result "0-1"]
[WhiteElo "1430"]
[BlackElo "1825"]
[PlyCount "46"]
[EventDate "2002.07.15"]
[EventType "swiss"]
[EventRounds "11"]
[EventCountry "DEN"]
[SourceDate "2004.01.01"]

1. e4 Nf6 2. Nc3 d5 3. e5 Nfd7 4. d4 e6 5. f4 c5 6. Nf3 Nc6 7. Be3 cxd4 8. Nxd4
Bc5 9. Ncb5 O-O 10. Nxc6 bxc6 11. Bxc5 Nxc5 12. Nd6 f6 13. Qd4 Nd7 14. Be2 fxe5
15. fxe5 Qg5 16. Bg4 Nxe5 17. Nxc8 Nxg4 18. Ne7+ Kh8 19. Nxc6 Ne3 20. Qd2 Rac8
21. Nd4 Qh4+ 22. g3 Qxd4 23. c3 Qe4 0-1

[Event "24. Copenhagen Open  (Politiken Cup)"]
[Site "Copenhagen"]
[Date "2002.07.26"]
[Round "11"]
[White "Tidman, Sophie E"]
[Black "Simonsen, Olavur"]
[Result "1/2-1/2"]
[WhiteElo "2139"]
[BlackElo "2240"]
[PlyCount "37"]
[EventDate "2002.07.15"]
[EventType "swiss"]
[EventRounds "11"]
[EventCountry "DEN"]
[SourceDate "2004.01.01"]

1. e4 e5 2. Nf3 Nc6 3. Bc4 Nf6 4. d4 exd4 5. O-O Nxe4 6. Re1 d5 7. Bxd5 Qxd5 8.
Nc3 Qa5 9. Nxe4 Be6 10. Bd2 Qf5 11. Bg5 Bc5 12. Nh4 Qd5 13. Bf6 O-O 14. Qd3 Ne5
15. Qg3 Ng6 16. Nxg6 hxg6 17. Qh4 Qh5 18. Nxc5 gxf6 19. Qxh5 1/2-1/2

[Event "24. Copenhagen Open  (Politiken Cup)"]
[Site "Copenhagen"]
[Date "2002.07.26"]
[Round "11"]
[White "Timmermans, Ivo"]
[Black "Hvenekilde, Jorgen"]
[Result "1/2-1/2"]
[WhiteElo "2177"]
[BlackElo "2296"]
[PlyCount "23"]
[EventDate "2002.07.15"]
[EventType "swiss"]
[EventRounds "11"]
[EventCountry "DEN"]
[SourceDate "2004.01.01"]

1. e4 e6 2. d4 d5 3. Nc3 Nf6 4. e5 Nfd7 5. f4 c5 6. Nf3 Be7 7. Be3 b6 8. Qd2
Ba6 9. Bxa6 Nxa6 10. O-O g6 11. Rad1 Nc7 12. Kh1 1/2-1/2

[Event "24. Copenhagen Open  (Politiken Cup)"]
[Site "Copenhagen"]
[Date "2002.07.26"]
[Round "11"]
[White "Tollefsen, Vegard"]
[Black "Petersen, Nils"]
[Result "1/2-1/2"]
[WhiteElo "1699"]
[BlackElo "2035"]
[PlyCount "33"]
[EventDate "2002.07.15"]
[EventType "swiss"]
[EventRounds "11"]
[EventCountry "DEN"]
[SourceDate "2004.01.01"]

1. e4 c5 2. c3 Nf6 3. e5 Nd5 4. d4 cxd4 5. Nf3 Nc6 6. cxd4 d6 7. Bc4 e6 8. O-O
dxe5 9. dxe5 Be7 10. Bd2 O-O 11. Nc3 a6 12. Re1 b5 13. Bb3 Ncb4 14. Qe2 Bb7 15.
a3 Nxc3 16. Bxc3 Nd5 17. Rac1 1/2-1/2

[Event "24. Copenhagen Open  (Politiken Cup)"]
[Site "Copenhagen"]
[Date "2002.07.26"]
[Round "11"]
[White "Vovk, Oksana"]
[Black "Christensen, Stefan"]
[Result "0-1"]
[WhiteElo "2077"]
[BlackElo "2194"]
[PlyCount "104"]
[EventDate "2002.07.15"]
[EventType "swiss"]
[EventRounds "11"]
[EventCountry "DEN"]
[SourceDate "2004.01.01"]

1. c4 e5 2. Nc3 Nf6 3. g3 d5 4. cxd5 Nxd5 5. Bg2 Nb6 6. Nf3 Nc6 7. O-O Be7 8.
d3 O-O 9. a3 f5 10. b4 Bf6 11. Qb3+ Kh8 12. b5 Nd4 13. Nxd4 exd4 14. Na4 Qe7
15. Nxb6 cxb6 16. Re1 Be6 17. Qb4 Qd7 18. Bd2 Be5 19. f4 Bd6 20. Qb2 Bc5 21. e4
fxe4 22. Bxe4 Rae8 23. a4 Bd5 24. Rad1 Bxe4 25. dxe4 Qg4 26. Qb3 g5 27. Kh1 Re6
28. Qd3 Rh6 29. Rf1 Qh3 30. Rf2 Rhf6 31. Rdf1 h5 32. f5 Qg4 33. Kg2 h4 34. h3
Qxg3+ 35. Qxg3 hxg3 36. Kxg3 d3 37. Rf3 Rd6 38. Bxg5 Rd4 39. Be3 Rxe4 40. Bxc5
Rg8+ 41. Kh2 bxc5 42. f6 c4 43. Rf5 Rf8 44. Rh5+ Kg8 45. Rc5 d2 46. Rg5+ Kf7
47. Rg7+ Ke8 48. Rd1 c3 49. Rxb7 Re1 50. Rxa7 Rxd1 51. b6 Rh1+ 52. Kg3 d1=Q 0-1

[Event "24. Copenhagen Open  (Politiken Cup)"]
[Site "Copenhagen"]
[Date "2002.07.26"]
[Round "11"]
[White "Walseth, Tron"]
[Black "Sandbech, Ted"]
[Result "1-0"]
[WhiteElo "1832"]
[BlackElo "1516"]
[PlyCount "97"]
[EventDate "2002.07.15"]
[EventType "swiss"]
[EventRounds "11"]
[EventCountry "DEN"]
[SourceDate "2004.01.01"]

1. d4 d5 2. c4 c6 3. Nf3 Nf6 4. Nc3 e6 5. e3 Bb4 6. Bd3 dxc4 7. Bxc4 Ne4 8. Qc2
Nxc3 9. bxc3 Bd6 10. O-O O-O 11. e4 b5 12. Bd3 Be7 13. e5 g6 14. Bh6 Re8 15.
Nd2 Nd7 16. Rae1 Bg5 17. Bxg5 Qxg5 18. Ne4 Qh6 19. Nd6 Rf8 20. Be4 Nb8 21. Nxb5
a5 22. Rb1 Ba6 23. a4 Rc8 24. Nd6 Rc7 25. Ne8 Rc8 26. Nf6+ Kh8 27. Rfe1 Qf8 28.
Re3 Kg7 29. Rh3 h6 30. Qd2 Qh8 31. Qf4 Ra7 32. g4 Nd7 33. Bxc6 Rxc6 34. Ne8+
Kf8 35. Rxh6 Qxh6 36. Qxh6+ Kxe8 37. h4 Rxc3 38. h5 gxh5 39. gxh5 Bb7 40. Kh2
Rf3 41. Qd2 Be4 42. Rc1 Rf5 43. h6 Rb7 44. f3 Bxf3 45. h7 Rh5+ 46. Kg3 Rb3 47.
h8=Q+ Rxh8 48. Rc8+ Ke7 49. Qg5+ 1-0

[Event "24. Copenhagen Open  (Politiken Cup)"]
[Site "Copenhagen"]
[Date "2002.07.26"]
[Round "11"]
[White "Ward, Christopher"]
[Black "Dominguez, Lenier"]
[Result "1/2-1/2"]
[WhiteElo "2498"]
[BlackElo "2613"]
[PlyCount "84"]
[EventDate "2002.07.15"]
[EventType "swiss"]
[EventRounds "11"]
[EventCountry "DEN"]
[SourceDate "2004.01.01"]

1. d4 d5 2. c4 c6 3. Nf3 Nf6 4. Nc3 e6 5. Bg5 dxc4 6. e4 b5 7. e5 h6 8. Bh4 g5
9. Nxg5 hxg5 10. Bxg5 Nbd7 11. g3 Bb7 12. Bg2 Qb6 13. exf6 O-O-O 14. O-O Bh6
15. h4 Bxg5 16. hxg5 c5 17. d5 b4 18. Na4 Qd6 19. a3 Bxd5 20. Bxd5 exd5 21.
axb4 cxb4 22. Qd4 Rh3 23. Kg2 Rdh8 24. Rfe1 Rh2+ 25. Kf3 R2h5 26. Re7 Rxg5 27.
Qxa7 Qxf6+ 28. Kg2 Qxe7 29. Nb6+ Kd8 30. Qa8+ Kc7 31. Ra7+ Kxb6 32. Ra6+ Kc5
33. Qa7+ Kb5 34. Qb7+ Kc5 35. Qa7+ Kb5 36. Qb7+ Kc5 37. Qa7+ Kb5 38. Qb7+ Kc5
39. Qa7+ Kb5 40. Qb7+ Kc5 41. Qa7+ Kb5 42. Qb7+ Kc5 1/2-1/2

[Event "24. Copenhagen Open  (Politiken Cup)"]
[Site "Copenhagen"]
[Date "2002.07.26"]
[Round "11"]
[White "Zucchelli, Massimo"]
[Black "Bekker Jensen, David"]
[Result "1/2-1/2"]
[WhiteElo "2183"]
[BlackElo "2338"]
[PlyCount "66"]
[EventDate "2002.07.15"]
[EventType "swiss"]
[EventRounds "11"]
[EventCountry "DEN"]
[SourceDate "2004.01.01"]

1. d4 Nf6 2. c4 g6 3. Nc3 Bg7 4. e4 d6 5. Be2 O-O 6. Bg5 c5 7. d5 h6 8. Be3 e6
9. f3 exd5 10. cxd5 Kh7 11. Qd2 Bd7 12. a4 Na6 13. g4 Bxg4 14. fxg4 Nxg4 15.
Bxg4 Qh4+ 16. Bf2 Qxg4 17. Nge2 Nb4 18. O-O-O b5 19. Rhg1 Qd7 20. Nxb5 a6 21.
Nbc3 Rab8 22. Kb1 Rb7 23. Ka1 Rfb8 24. Rb1 Re8 25. Qd1 f5 26. Nf4 fxe4 27. Rxg6
Qf5 28. Be3 Bd4 29. Bc1 e3 30. Qg4 Nc2+ 31. Ka2 Nb4+ 32. Ka1 Nc2+ 33. Ka2 Nb4+
1/2-1/2